| 000 | 00732nam a22002537a 4500 | ||
|---|---|---|---|
| 003 | UA-OsUOA | ||
| 001 | 27274 | ||
| 007 | ta | ||
| 008 | 20040623b un ||||| |||| 00| 0 ukr d | ||
| 100 | _aХамитов Н. | ||
| 090 |
_a7.01 _bХ18 |
||
| 942 | _cBK | ||
| 040 |
_aUA-OsUOA _brus _cUA-OsUOA _dUA-OsUOA |
||
| 245 |
_aОсвобождение от обыденности _bискусство как разрешение противоречий жизни |
||
| 300 | _a120 с. | ||
| 955 | _a1 | ||
| 041 | _arus | ||
| 080 | _a7.01 | ||
| 020 | _a5-12-004499-9 | ||
| 260 |
_aК. _bНаукова Думка _c1995 |
||
| 044 | _aRU | ||
| 650 | 7 |
_a7.0 Загальні питання мистецтва _2UDC |
|
| 999 |
_c313618 _d313618 |
||